000 00226nam a2200097Ia 4500
005 20251222114414.0
008 251222s1900||||xx |||||||||||||| ||spa||
082 _aDVD0097/M99/1994/T.2
245 4 _aThe movies begin:
942 _cDVD
999 _c2141
_d2141